| 000 | 00696cab a2200193 4500 | ||
|---|---|---|---|
| 001 | WB2507-10 | ||
| 008 | 090401t1989 xxu||||| |||| 00| 0 eng d | ||
| 035 | _a(Sirsi) u58561 | ||
| 041 | _aeng | ||
| 245 | _aEvasion of capital controls stopped | ||
| 260 | _c1989 | ||
| 350 | _a0 | ||
| 490 |
_aFinancial Times _v15/2/89 p11 |
||
| 520 | _aThe Government has moved to prevent local authorities from transferring money raised from council house sales into separate accounts and evading one of the main provisions of the Local Government and Housing Bill currently going through Parliament. | ||
| 650 | _aCAPITAL SPENDING | ||
| 690 | _aECONOMIC AND SOCIAL | ||
| 942 | _n0 | ||
| 948 | _c04/03/1997 | ||
| 999 |
_c35778 _d35778 |
||